Clinical biochemistry : (Record no. 17352)

000 -LEADER
fixed length control field 01073cam a2200301 a 4500
001 - CONTROL NUMBER
control field 17544799
003 - CONTROL NUMBER IDENTIFIER
control field Nust
005 - DATE AND TIME OF LATEST TRANSACTION
control field 20170307095616.0
008 - FIXED-LENGTH DATA ELEMENTS--GENERAL INFORMATION
fixed length control field 121128s2013 stka b 001 0 eng
010 ## - LIBRARY OF CONGRESS CONTROL NUMBER
LC control number 2012047644
020 ## - INTERNATIONAL STANDARD BOOK NUMBER
International Standard Book Number 9780702051791 (pbk.)
035 ## - SYSTEM CONTROL NUMBER
System control number (DNLM)101596731
040 ## - CATALOGING SOURCE
Original cataloging agency DNLM/DLC
Transcribing agency ASAB
Modifying agency DLC
042 ## - AUTHENTICATION CODE
Authentication code pcc
050 00 - LIBRARY OF CONGRESS CALL NUMBER
Classification number RB112.5
Item number .C554 2013
060 10 - NATIONAL LIBRARY OF MEDICINE CALL NUMBER
Classification number QU 4
082 00 - DEWEY DECIMAL CLASSIFICATION NUMBER
Classification number 616.07
Edition number 23
245 00 - TITLE STATEMENT
Title Clinical biochemistry :
Remainder of title an illustrated colour text /
Statement of responsibility, etc. Allan Gaw ... [et al.].
250 ## - EDITION STATEMENT
Edition statement 5th ed.
260 ## - PUBLICATION, DISTRIBUTION, ETC.
Place of publication, distribution, etc. Edinburgh :
Name of publisher, distributor, etc. Churchill Livingstone/Elsevier,
Date of publication, distribution, etc. 2013.
300 ## - PHYSICAL DESCRIPTION
Extent vii, 187 p. :
Other physical details ill. (some col.) ;
Dimensions 30 cm.
504 ## - BIBLIOGRAPHY, ETC. NOTE
Bibliography, etc. note Includes bibliographical references and index.
650 12 - SUBJECT ADDED ENTRY--TOPICAL TERM
Topical term or geographic name entry element Biochemistry.
700 1# - ADDED ENTRY--PERSONAL NAME
Personal name Gaw, Allan.
906 ## - LOCAL DATA ELEMENT F, LDF (RLIN)
a 7
b cbc
c orignew
d 1
e ecip
f 20
g y-gencatlg
942 ## - ADDED ENTRY ELEMENTS (KOHA)
Source of classification or shelving scheme
Koha item type Book
Holdings
Withdrawn status Lost status Source of classification or shelving scheme Damaged status Not for loan Collection code Permanent Location Current Location Date acquired Total Checkouts Full call number Barcode Date last seen Price effective from Koha item type
            Atta-ur-Rahman School of Applied Biosciences (ASAB) Atta-ur-Rahman School of Applied Biosciences (ASAB) 03/07/2017   612.01 GAW ASAB3167 03/07/2017 03/07/2017 Book
            Atta-ur-Rahman School of Applied Biosciences (ASAB) Atta-ur-Rahman School of Applied Biosciences (ASAB) 03/07/2017   612.01 GAW ASAB3179 03/07/2017 03/07/2017 Book
            Atta-ur-Rahman School of Applied Biosciences (ASAB) Atta-ur-Rahman School of Applied Biosciences (ASAB) 03/07/2017   612.01 GAW ASAB3182 03/07/2017 03/07/2017 Book
            Atta-ur-Rahman School of Applied Biosciences (ASAB) Atta-ur-Rahman School of Applied Biosciences (ASAB) 03/07/2017   612.01 GAW ASAB3121 03/07/2017 03/07/2017 Book
            Atta-ur-Rahman School of Applied Biosciences (ASAB) Atta-ur-Rahman School of Applied Biosciences (ASAB) 03/07/2017   612.01 GAW ASAB3166 11/01/2023 03/07/2017 Book
            Atta-ur-Rahman School of Applied Biosciences (ASAB) Atta-ur-Rahman School of Applied Biosciences (ASAB) 03/07/2017   612.01 GAW ASAB3180 06/22/2017 03/07/2017 Book
            Atta-ur-Rahman School of Applied Biosciences (ASAB) Atta-ur-Rahman School of Applied Biosciences (ASAB) 06/22/2017   616.07 GAW ASAB3183 06/22/2017 06/22/2017 Book
© 2023 Central Library, National University of Sciences and Technology. All Rights Reserved.